Breve historia de la Guerra de la Independencia de los EE.UU. /
Saved in:
| 主要作者: | |
|---|---|
| 格式: | 電子 電子書 |
| 語言: | 西班牙语 |
| 出版: |
Madrid :
Nowtilus,
[2017]
|
| 叢編: | Breve historia (Ediciones Nowtilus S.L.)
|
| 主題: | |
| 在線閱讀: | Digitalia Hispánica |
| 標簽: |
添加標簽
沒有標簽, 成為第一個標記此記錄!
|
MARC
| LEADER | 00000nam a2200000Ii 4500 | ||
|---|---|---|---|
| 001 | DIGNOWT0312 | ||
| 003 | NyNyDIG | ||
| 006 | m o d | ||
| 007 | cr ||||||||||| | ||
| 008 | 250505s2017 sp a ob 000 0 spa d | ||
| 035 | |a (OCoLC)1433205308 | ||
| 040 | |a DGITA |b eng |e rda |e pn |c DGITA | ||
| 020 | |a 9788499678979 |q edición digital | ||
| 020 | |z 9788499678955 | ||
| 043 | |a n-us--- | ||
| 050 | 1 | 4 | |a E208 ebook |
| 100 | 1 | |a Huguet Santos, Montserrat, |e author. | |
| 245 | 1 | 0 | |a Breve historia de la Guerra de la Independencia de los EE.UU. / |c Montserrat Huguet. |
| 246 | 3 | |a Breve historia de la Guerra de la Independencia de los Estados Unidos | |
| 264 | 1 | |a Madrid : |b Nowtilus, |c [2017] | |
| 300 | |a 1 online resource : |b illustrations. | ||
| 336 | |a text |b txt |2 rdacontent | ||
| 337 | |a computer |b c |2 rdamedia | ||
| 338 | |a online resource |b cr |2 rdacarrier | ||
| 347 | |a text file |2 rdaft | ||
| 347 | |b EPUB | ||
| 490 | 1 | |a Colección: Breve Historia | |
| 504 | |a Includes bibliographical references. | ||
| 588 | 0 | |a Online resource; title from ePub title page (Digitalia, viewed May 5, 2025) | |
| 651 | 0 | |a United States |x History |y Revolution, 1775-1783 | |
| 651 | 0 | |a United States |x History |y 1783-1815. | |
| 791 | 2 | |a Digitalia (Firm), |e distributor. | |
| 793 | 0 | |g Digitalia eBook Collection: |a Ediciones Nowtilus | |
| 776 | 0 | 8 | |i Print version: |a Huguet Santos, Montserrat. |t Breve historia de la Guerra de la Independencia de los EE.UU. |d Madrid : Nowtilus, [2017] |z 9788499678955 |
| 830 | 0 | |a Breve historia (Ediciones Nowtilus S.L.) | |
| 856 | 4 | 0 | |3 Digitalia Hispánica |u https://digitalia.unach.elogim.com/a/171840/ |
| 910 | |a Premium collection: 2025 | ||